Online
Catalog

Seis poetas catalanes : (Record no. 17770)

MARC details
000 -CABECERA
campo de control de longitud fija 01435cam a2200385 a 4500
001 - NÚMERO DE CONTROL
campo de control 000018249
005 - FECHA Y HORA DE LA ÚLTIMA TRANSACCIÓN
campo de control 20200929165424.0
008 - DATOS DE LONGITUD FIJA--INFORMACIÓN GENERAL
campo de control de longitud fija 740617s1969 sp b 000 p spa d
035 ## - NÚMERO DE CONTROL DEL SISTEMA
Número de control de sistema (DLC) 73261900
035 ## - NÚMERO DE CONTROL DEL SISTEMA
Número de control de sistema (OCoLC)920367
040 ## - FUENTE DE LA CATALOGACIÓN
Centro catalogador/agencia de origen DO-SdBNP
Lengua de catalogación spa
Centro/agencia transcriptor NhU
Centro/agencia modificador ICIU
-- DLC
-- BNPHU
082 ## - NÚMERO DE LA CLASIFICACIÓN DECIMAL DEWEY
Número de clasificación 849.9
Número de documento/Ítem S462p
049 ## - FONDOS LOCALES (OCLC)
Fondos de biblioteca BNGR
245 00 - MENCIÓN DE TÍTULO
Título Seis poetas catalanes :
Resto del título Josep Carne, Carles Riba, Joan Salvat-Papasseit, J. V. Foix, Pere Quart, Salvador Espriu. /
Mención de responsabilidad, etc. Selección, prólogo y notas de José Batllo.
260 ## - PUBLICACIÓN, DISTRIBUCIÓN, ETC.
Lugar de publicación, distribución, etc. Madrid, :
Nombre del editor, distribuidor, etc. Taurus,
Fecha de publicación, distribución, etc. 1969.
300 ## - DESCRIPCIÓN FÍSICA
Extensión 238 p. ;
Dimensiones 18 cm.
490 1# - MENCIÓN DE SERIE
Mención de serie Temas de España
Designación de volumen o secuencia 83
504 ## - NOTA DE BIBLIOGRAFÍA, ETC.
Nota de bibliografía, etc. Contiene referencias bibliográficas.
650 #4 - PUNTO DE ACCESO ADICIONAL DE MATERIA--TÉRMINO DE MATERIA
Término de materia o nombre geográfico como elemento de entrada Poetas catalana
Subdivisión cronológica SIGLO XIX
Subdivisión general Biografías
9 (RLIN) 39526
650 #4 - PUNTO DE ACCESO ADICIONAL DE MATERIA--TÉRMINO DE MATERIA
Término de materia o nombre geográfico como elemento de entrada Poetas catalana
Subdivisión cronológica SIGLO XX
Subdivisión general Biografías
9 (RLIN) 39527
650 #4 - PUNTO DE ACCESO ADICIONAL DE MATERIA--TÉRMINO DE MATERIA
Término de materia o nombre geográfico como elemento de entrada Poesía catalana
Subdivisión cronológica SIGLO XIX
9 (RLIN) 39528
650 #4 - PUNTO DE ACCESO ADICIONAL DE MATERIA--TÉRMINO DE MATERIA
Término de materia o nombre geográfico como elemento de entrada Poesía catalana
Subdivisión cronológica SIGLO XX
9 (RLIN) 39529
650 #4 - PUNTO DE ACCESO ADICIONAL DE MATERIA--TÉRMINO DE MATERIA
Término de materia o nombre geográfico como elemento de entrada Literatura catalana
Subdivisión general Bibliografías
9 (RLIN) 39530
650 #4 - PUNTO DE ACCESO ADICIONAL DE MATERIA--TÉRMINO DE MATERIA
Término de materia o nombre geográfico como elemento de entrada Literatura catalana
Subdivisión cronológica SIGLO XIX
9 (RLIN) 39531
650 #4 - PUNTO DE ACCESO ADICIONAL DE MATERIA--TÉRMINO DE MATERIA
Término de materia o nombre geográfico como elemento de entrada Literatura catalana
Subdivisión cronológica SIGLO XX
9 (RLIN) 11451
700 1# - PUNTO DE ACCESO ADICIONAL--NOMBRE DE PERSONA
Nombre de persona Carner, Josep.
9 (RLIN) 9822
700 1# - PUNTO DE ACCESO ADICIONAL--NOMBRE DE PERSONA
Nombre de persona Riba, Carles.
9 (RLIN) 39532
700 1# - PUNTO DE ACCESO ADICIONAL--NOMBRE DE PERSONA
Nombre de persona Salvat-Pasasseit, Joan.
9 (RLIN) 39533
700 1# - PUNTO DE ACCESO ADICIONAL--NOMBRE DE PERSONA
Nombre de persona Foix, J. V.
9 (RLIN) 9824
700 1# - PUNTO DE ACCESO ADICIONAL--NOMBRE DE PERSONA
Nombre de persona Quart, Pere.
9 (RLIN) 39534
700 1# - PUNTO DE ACCESO ADICIONAL--NOMBRE DE PERSONA
Nombre de persona Espriu, Salvador.
9 (RLIN) 39535
700 1# - PUNTO DE ACCESO ADICIONAL--NOMBRE DE PERSONA
Nombre de persona Batllo, José,
Fechas asociadas al nombre 1939-
Término indicativo de función/relación comp.
9 (RLIN) 39536
830 #0 - PUNTO DE ACCESO ADICIONAL DE SERIE-TÍTULO UNIFORME
Título uniforme Temas de España ;
Designación de volumen o secuencia 83
9 (RLIN) 6849
910 ## - DATOS DE OPCIÓN DEL USUARIO (OCLC)
Datos de opción del usuario Catalogación por copia / LC
Holdings
Estado de retiro Estado de pérdida Restricciones de uso No para préstamo Código de colección Localización permanente Ubicación/localización actual Ubicación en estantería Fecha de adquisición Número de inventario Total de préstamos Signatura topográfica completa Código de barras Fecha visto por última vez Precio válido a partir de Tipo de ítem Koha
        Monografías: Libros y Folletos General General En catalogación 22.04.2010 LF1   849.9 S462p 18249-10 25.06.2020 25.06.2020 Préstamo en sala

Powered by Koha